<?xml version="1.0" encoding="UTF-8"?>
<record
    xmlns:xsi="http://www.w3.org/2001/XMLSchema-instance"
    xsi:schemaLocation="http://www.loc.gov/MARC21/slim http://www.loc.gov/standards/marcxml/schema/MARC21slim.xsd"
    xmlns="http://www.loc.gov/MARC21/slim">

  <leader>00422nam a22001577a 4500</leader>
  <controlfield tag="005">20251121102950.0</controlfield>
  <controlfield tag="008">251121b        |||||||| |||| 00| 0 eng d</controlfield>
  <datafield tag="020" ind1=" " ind2=" ">
    <subfield code="a">979-8-88715-121-2</subfield>
  </datafield>
  <datafield tag="100" ind1=" " ind2=" ">
    <subfield code="a">DAVENPORT, VANESSA</subfield>
  </datafield>
  <datafield tag="245" ind1=" " ind2=" ">
    <subfield code="a">FOOD AND WINE TOURISM</subfield>
  </datafield>
  <datafield tag="260" ind1=" " ind2=" ">
    <subfield code="a">DUBLIN</subfield>
    <subfield code="b">ORYSON PRESS</subfield>
    <subfield code="c">2023</subfield>
  </datafield>
  <datafield tag="300" ind1=" " ind2=" ">
    <subfield code="a">VII, 268P.</subfield>
  </datafield>
  <datafield tag="500" ind1=" " ind2=" ">
    <subfield code="a">INCLUDES INDEX</subfield>
  </datafield>
  <datafield tag="650" ind1=" " ind2=" ">
    <subfield code="a">1.TOURISM 2. FOOD AND WINE TOURISM</subfield>
  </datafield>
  <datafield tag="942" ind1=" " ind2=" ">
    <subfield code="2">lcc</subfield>
    <subfield code="c">BK</subfield>
  </datafield>
  <datafield tag="999" ind1=" " ind2=" ">
    <subfield code="c">216247</subfield>
    <subfield code="d">216247</subfield>
  </datafield>
  <datafield tag="952" ind1=" " ind2=" ">
    <subfield code="0">0</subfield>
    <subfield code="1">0</subfield>
    <subfield code="2">lcc</subfield>
    <subfield code="4">0</subfield>
    <subfield code="6">G0155 A1 D38  02023</subfield>
    <subfield code="7">0</subfield>
    <subfield code="8">ARTS</subfield>
    <subfield code="9">373553</subfield>
    <subfield code="a">KSUL</subfield>
    <subfield code="b">KSUL</subfield>
    <subfield code="c">DISPLAY</subfield>
    <subfield code="d">2025-11-21</subfield>
    <subfield code="i">110003</subfield>
    <subfield code="l">0</subfield>
    <subfield code="o">G 155 .A1D38 2023</subfield>
    <subfield code="p">000000000433</subfield>
    <subfield code="r">2025-11-21 10:31:00</subfield>
    <subfield code="t">C.1</subfield>
    <subfield code="w">2025-11-21</subfield>
    <subfield code="y">BK</subfield>
  </datafield>
  <datafield tag="952" ind1=" " ind2=" ">
    <subfield code="0">0</subfield>
    <subfield code="1">0</subfield>
    <subfield code="2">lcc</subfield>
    <subfield code="4">0</subfield>
    <subfield code="6">G0155 A1 D38  02023</subfield>
    <subfield code="7">0</subfield>
    <subfield code="8">ARTS</subfield>
    <subfield code="9">373554</subfield>
    <subfield code="a">KSUL</subfield>
    <subfield code="b">KSUL</subfield>
    <subfield code="c">DISPLAY</subfield>
    <subfield code="d">2025-11-21</subfield>
    <subfield code="i">110004</subfield>
    <subfield code="l">0</subfield>
    <subfield code="o">G 155 .A1D38 2023</subfield>
    <subfield code="p">000000000535</subfield>
    <subfield code="r">2025-11-21 10:31:00</subfield>
    <subfield code="t">C.2</subfield>
    <subfield code="w">2025-11-21</subfield>
    <subfield code="y">BK</subfield>
  </datafield>
  <datafield tag="952" ind1=" " ind2=" ">
    <subfield code="0">0</subfield>
    <subfield code="1">0</subfield>
    <subfield code="2">lcc</subfield>
    <subfield code="4">0</subfield>
    <subfield code="6">G0155 A1 D38  02023</subfield>
    <subfield code="7">0</subfield>
    <subfield code="8">ARTS</subfield>
    <subfield code="9">373555</subfield>
    <subfield code="a">KSUL</subfield>
    <subfield code="b">KSUL</subfield>
    <subfield code="c">DISPLAY</subfield>
    <subfield code="d">2025-11-21</subfield>
    <subfield code="i">110005</subfield>
    <subfield code="l">0</subfield>
    <subfield code="o">G 155 .A1D38 2023</subfield>
    <subfield code="p">000000000536</subfield>
    <subfield code="r">2025-11-21 10:31:00</subfield>
    <subfield code="t">C.3</subfield>
    <subfield code="w">2025-11-21</subfield>
    <subfield code="y">BK</subfield>
  </datafield>
  <datafield tag="952" ind1=" " ind2=" ">
    <subfield code="0">0</subfield>
    <subfield code="1">0</subfield>
    <subfield code="2">lcc</subfield>
    <subfield code="4">0</subfield>
    <subfield code="6">G0155 A1 D38  02023</subfield>
    <subfield code="7">0</subfield>
    <subfield code="8">ARTS</subfield>
    <subfield code="9">373556</subfield>
    <subfield code="a">KSUL</subfield>
    <subfield code="b">KSUL</subfield>
    <subfield code="c">DISPLAY</subfield>
    <subfield code="d">2025-11-21</subfield>
    <subfield code="i">110006</subfield>
    <subfield code="l">0</subfield>
    <subfield code="o">G 155 .A1D38 2023</subfield>
    <subfield code="p">000000000537</subfield>
    <subfield code="r">2025-11-21 10:31:00</subfield>
    <subfield code="t">C.4</subfield>
    <subfield code="w">2025-11-21</subfield>
    <subfield code="y">BK</subfield>
  </datafield>
</record>
